000 00375nam a22001337a 4500
020 _a9789694488042
082 _a340.59
_bMAN
100 _aMansoori, Muhammad Tahir
245 _aFamily Law in Islam Theory and Application /
_cMuhammad Tahir Mansoori
260 _aIslamabad :
_bIPS Press,
_c2022.
300 _a264 p. ;
_c22 cm.
563 _aPBK.
942 _2ddc
_cBK
999 _c594527
_d594527